000 006280000a22001930004500
020 _a958-33-9778-3
041 0 _aSPA
082 0 4 _aG 254.6 T8823c
100 1 _aTshimika, Pakisa K.
245 1 0 _aCompartiendo dones en la familia global de la fe : Experimento de una iglesia / Pakisa K. Tshimika, Timothy C. Lind
260 _aBogotá D. C. : CLARA
300 _a132 Pág.
500 _aTítulo original : Sharing gifts in the family of faith : one church's experiment
001 13959
942 _cBK
999 _c42888
_d42888
336 _atexto
_btxt
_2rdacontent
337 _2rdamedia
_asin mediación
_bn
338 _2rdacarrier
_avolumen
_bnc